| 000 | 00471nam a2200193Ia 4500 | ||
|---|---|---|---|
| 008 | 170918s9999 xx 000 0 und d | ||
| 020 | _a9780545162166 | ||
| 050 | _bS528 2011 | ||
| 100 | _aShang, Wendy Wan Long | ||
| 245 | 4 | _aThe great wall of Lucy Wu / | |
| 245 | _cWendy Wan Long Shang. | ||
| 260 | _aNew York : | ||
| 260 | _bScholastic, | ||
| 260 | _c2011 | ||
| 300 | _a312 pages : | ||
| 300 | _bcolored illustration ; | ||
| 300 | _c19cm. | ||
| 500 | _a700 | ||
| 999 |
_c342260 _d342260 |
||